000 00534nam a2200205 i 4500
001 C2-0298304
003 PPAK
005 20180728080413.0
008 090601s1974 my |||| ||||| | may d
040 _aPPAK
_beng
_cPPAK
_erda
082 0 4 _a398.2
_223
090 0 0 _a398.2
_bCER
_dKIH
245 0 0 _aCerita-cerita kampung
264 1 _aKuala Lumpur :
_bUniversiti Malaya ,
_c1974
300 _a60 pages ;
_c28 cm
336 _2rdacontent
_atext
337 _2rdamedia
_aunmediated
338 _2rdacarrier
_avolume
942 _ddc
_cB
999 _c102620
_d102620